| 000 | 01541cam a2200373 a 4500 | ||
|---|---|---|---|
| 001 | 1633637 | ||
| 003 | SISC | ||
| 005 | 20160601081703.0 | ||
| 008 | 960220r19961946nyu 000 1 eng | ||
| 010 | _a 96010404 | ||
| 020 | _a978743234924 | ||
| 040 |
_aDLC _cDLC _dOCoLC _dDLC |
||
| 050 | 0 | 0 |
_aPR 6023 .E926 _bT47 2003 |
| 082 | 0 | 0 | _a823/.912 |
| 100 | 1 |
_aLewis, C. S. _q(Clive Staples), _d1898-1963. |
|
| 245 | 1 | 0 |
_aThat hideous strength : _ba modern fairy-tale for grown-ups / _cC.S. Lewis. |
| 250 | _a1st Scribner Paperback Fiction ed. | ||
| 260 |
_aNew York : _bScribner Paperback Fiction, _c2003. |
||
| 300 |
_a382 p. ; _c18 cm. |
||
| 650 | 0 |
_aRansom, Elwin (Fictitious character) _vFiction. |
|
| 650 | 0 |
_aLife on other planets _vFiction. |
|
| 650 | 0 |
_aCollege teachers _vFiction. |
|
| 650 | 0 |
_aGood and evil _vFiction. |
|
| 650 | 0 |
_aPhilologists _vFiction. |
|
| 650 | 0 |
_aLinguists _vFiction. |
|
| 655 | 7 |
_aScience fiction. _2gsafd |
|
| 856 | 4 | 2 |
_3Contributor biographical information _uhttp://www.loc.gov/catdir/bios/simon051/96010404.html |
| 856 | 4 | 2 |
_3Publisher description _uhttp://www.loc.gov/catdir/description/simon033/96010404.html |
| 856 | 4 | 1 |
_3Sample text _uhttp://www.loc.gov/catdir/enhancements/fy0645/96010404-s.html |
| 856 | 4 | 1 |
_3Table of contents only _uhttp://www.loc.gov/catdir/enhancements/fy0645/96010404-t.html |
| 906 |
_a7 _bcbc _corignew _d1 _eocip _f19 _gy-gencatlg |
||
| 942 |
_2lcc _cBK |
||
| 999 |
_c294946 _d294946 |
||